000
00284nam a22001337a 4500
008
170907b xxu||||| |||| 00| 0 eng d
020
_a
9780878576296
041
_a
eng
080
_a
721
100
_a
41
101
_a
NDI
245
_a
COUNTRY FURNITURE
_c
WOLF,R
942
_2
udc
_c
BK
999
_c
26578
_d
26578